| 000 | 04872cam a22006135i 4500 | ||
|---|---|---|---|
| 001 | 21818352 | ||
| 003 | NUST | ||
| 005 | 20230413090958.0 | ||
| 006 | m |o d | | ||
| 007 | cr ||||||||||| | ||
| 008 | 180326s2018 gw |||| o |||| 0|eng | ||
| 010 | _a 2019764089 | ||
| 020 | _a9783319725413 | ||
| 024 | 7 |
_a10.1007/978-3-319-72541-3 _2doi |
|
| 035 | _a(DE-He213)978-3-319-72541-3 | ||
| 040 |
_aDLC _beng _epn _erda _cDLC |
||
| 072 | 7 |
_aRB _2bicssc |
|
| 072 | 7 |
_aRB _2thema |
|
| 072 | 7 |
_aSCI019000 _2bisacsh |
|
| 082 | 0 | 4 |
_a624.1762 _223 _bCIM |
| 100 | 1 |
_aCimellaro, Gian Paolo, _eauthor. _930393 |
|
| 245 | 1 | 0 |
_aIntroduction to Dynamics of Structures and Earthquake Engineering / _cby Gian Paolo Cimellaro, Sebastiano Marasco. |
| 250 | _a1st ed. 2018. | ||
| 264 | 1 |
_aCham : _bSpringer International Publishing : _bImprint: Springer, _c2018. |
|
| 300 | _a1 online resource (XXIII, 598 pages 552 illustrations, 191 illustrations in color.) | ||
| 336 |
_atext _btxt _2rdacontent |
||
| 337 |
_acomputer _bc _2rdamedia |
||
| 338 |
_aonline resource _bcr _2rdacarrier |
||
| 347 |
_atext file _bPDF _2rda |
||
| 490 | 1 |
_aGeotechnical, Geological and Earthquake Engineering, _x1573-6059 ; _v45 |
|
| 505 | 0 | _a1. Part I Dynamics of Structures. Introduction -- 2. SDOF Systems -- 3. Methods of Solution of the Equation of Motion -- 4. MDOF Systems -- 5. Energy Dissipation -- 6. Damping on Structures -- 7. Distributed Mass and Elasticity Systems -- 8. Generalized SDOF Systems -- 9. Part II Introduction to Earthquake Engineering. Seismology and Earthquakes -- 10. Major Seismic Events that Occurred in Italy and in the World -- 11. Seismic Hazard Analysis -- 12. Earthquake Prediction -- 13. Seismic Input -- 14. Opensignal -- 15. Methods of Analysis -- 16. Part III Seismic Design of Buildings. Brief Introduction to SAP2000 -- 17. Modeling of Structures in Seismic Zone -- 18. Seismic Modelling of Infill Walls -- 19. Capacity Design -- 20. Passive Energy Dissipating Systems -- 21. Tuned-Mass Dampers -- 22. Base Isolation -- 23. Masonry Structures -- 24. Fundamentals of Probability and Statistics -- 25. Glossary. | |
| 520 | _aThis work is an elementary but comprehensive textbook which provides the latest updates in the fields of Earthquake Engineering, Dynamics of Structures, Seismology and Seismic Design, introducing relevant new topics to the fields such as the Neodeterministic method. Its main purpose is to illustrate the application of energy methods and the analysis in the frequency domain with the corresponding visualization in the Gauss-Argant plan. However, emphasis is also given to the applications of numerical methods for the solution of the equation of motion and to the ground motion selection to be used in time history analysis of structures. As supplementary materials, this book provides "OPENSIGNAL", a rare and unique software for ground motion selection and processing that can be used by professionals to select the correct earthquake records that would run in the nonlinear analysis. The book contains clear illustrations and figures to describe the subject in an intuitive way. It uses simple language and terminology and the math is limited only to cases where it is essential to understand the physical meaning of the system. Therefore, it is suitable also for those readers who approach these subjects for the first time and who only have a basic understanding of mathematics (linear algebra) and static analysis of structures. | ||
| 588 | _aDescription based on publisher-supplied MARC data. | ||
| 650 | 0 | _aCivil engineering. | |
| 650 | 0 |
_aDynamical systems. _9111858 |
|
| 650 | 0 | _aDynamics. | |
| 650 | 0 | _aGeotechnical engineering. | |
| 650 | 0 | _aIndustrial safety. | |
| 650 | 0 | _aQuality control. | |
| 650 | 0 |
_aReliability. _9109127 |
|
| 650 | 0 | _aVibration. | |
| 650 | 1 | 4 |
_aGeotechnical Engineering & Applied Earth Sciences. _0https://scigraph.springernature.com/ontologies/product-market-codes/G37010 _951849 |
| 650 | 2 | 4 |
_aCivil Engineering. _0https://scigraph.springernature.com/ontologies/product-market-codes/T23004 |
| 650 | 2 | 4 |
_aQuality Control, Reliability, Safety and Risk. _0https://scigraph.springernature.com/ontologies/product-market-codes/T22032 _9109128 |
| 650 | 2 | 4 |
_aVibration, Dynamical Systems, Control. _0https://scigraph.springernature.com/ontologies/product-market-codes/T15036 _9111859 |
| 700 | 1 |
_aMarasco, Sebastiano, _eauthor. _9111860 |
|
| 776 | 0 | 8 |
_iPrint version: _tIntroduction to dynamics of structures and earthquake engineering _z9783319725406 _w(DLC) 2017963746 |
| 776 | 0 | 8 |
_iPrinted edition: _z9783030102234 |
| 776 | 0 | 8 |
_iPrinted edition: _z9783319725406 |
| 776 | 0 | 8 |
_iPrinted edition: _z9783319725420 |
| 830 | 0 |
_aGeotechnical, Geological and Earthquake Engineering, _x1573-6059 ; _v45 _9111861 |
|
| 906 |
_a0 _bibc _corigres _du _encip _f20 _gy-gencatlg |
||
| 942 |
_2ddc _cBK |
||
| 999 |
_c594489 _d594489 |
||